| 000 | 00534nam a22001457a 4500 | ||
|---|---|---|---|
| 005 | 20120608144627.0 | ||
| 020 |
_a9231033689 _cRs. 120.00 (hbk) |
||
| 035 | _aA-896569 | ||
| 037 |
_aDPL _bENG |
||
| 245 |
_aPoverty and participation in civil society / _cedited by Yogesh Atal |
||
| 260 |
_aNew Delhi _bAbhinav Publications _c1997 |
||
| 300 |
_a152p. _c20 cms. |
||
| 942 |
_2ddc _cEN _h362.5 _mPOV |
||
| 999 |
_c67724 _d67724 |
||